期刊信息 |
| 索取号 |
H31/XAWG
|
| 题名 |
西安外国语学院学报
|
| 作者 |
《西安外国语学院学报》编辑部
|
| 分册号 |
|
| 分册名 |
|
| 出版地 |
西安
|
| 出版者 |
《西安外国语学院学报》编辑部
|
| 标准刊号 |
1008-4703
|
| 出版频率 |
季刊
|
| 中图法分类 |
H31
|
| 主题词 |
英语
|
| 电子资源 | |
| |
|
| 000 | 00632nas0 2200193 45 | |
| 001 | 0734230047 | |
| 005 | 2007090409303004 | |
| 011 | @a1008-4703 | |
| 100 | @a20070904d km y0chiy0120 ea | |
| 101 | 0 | @achi |
| 110 | @aahaz 0xx0 | |
| 200 | 1 | @a西安外国语学院学报@AXi An Wai Guo Yu Xue Yuan Xue Bao@f《西安外国语学院学报》编辑部@F《Xi An Wai Guo Yu Xue Yuan Xue Bao》Bian Ji Bu |
| 210 | @a西安@c《西安外国语学院学报》编辑部 | |
| 326 | @a季刊 | |
| 606 | 0 | @a英语 |
| 690 | @aH31@v4 | |
| 711 | 02 | @a《西安外国语学院学报》编辑部@A《Xi An Wai Guo Yu Xue Yuan Xue Bao》Bian Ji Bu |
| 801 | 0 | @aCN@bPFT@c20070904 |
| 905 | @a213230@dH31@eXAWG | |
| 西安外国语学院学报/《西安外国语学院学报》编辑部.-西安:《西安外国语学院学报》编辑部 |
| ISSN 1008-4703 |
| ● |
| 相关链接: |
|
|
|
|